000
00266nam a2200109Ia 4500
008
200302s9999 xx 000 0 und d
100
_a
Christopher Alexander
245
_a
A Pattern Language
260
_b
Oxford University Press
260
_c
1977
300
_a
1171 P.,
999
_c
5510
_d
5510